书目信息 |
| 题名: |
表面活性剂产品工业分析
|
|
| 作者: | 毛培坤 编 | |
| 分册: | ||
| 出版信息: | 北京 化学工业出版社 2003 |
|
| 页数: | 620页 | |
| 开本: | 26cm | |
| 丛书名: | ||
| 单 册: | ||
| 中图分类: | TQ423 | |
| 科图分类: | ||
| 主题词: | 表面活性剂--工业分析 , 表面活性剂 , 工业分析 | |
| 电子资源: | ||
| ISBN: | 7-5025-4174-8 | |
| 000 | 00813nam0 2200253 450 | |
| 001 | 002192691 | |
| 005 | 20080303094618.20 | |
| 010 | @a7-5025-4174-8@dCNY86.00 | |
| 100 | @a20021230d2003 em y0chiy0110 ea | |
| 101 | 0 | @achi |
| 102 | @aCN@b110000 | |
| 105 | @ay z 000yy | |
| 106 | @ar | |
| 200 | 1 | @a表面活性剂产品工业分析@Abiao mian huo xing ji chan pin gong ye fen xi@f毛培坤编 |
| 210 | @a北京@c化学工业出版社@d2003 | |
| 215 | @a620页@d26cm | |
| 330 | @a本书共分九章,分别是合成洗涤剂常规分析,合成洗涤剂原材料分析,合成洗涤剂生产控制分析,表面活性剂生产控制分析,表面活性剂常规分析等。 | |
| 606 | 0 | @a表面活性剂@x工业分析 |
| 606 | 0 | @a表面活性剂 |
| 606 | 0 | @a工业分析 |
| 690 | @aTQ423@v4 | |
| 701 | 0 | @a毛培坤@Amao pei kun@c(化学系教授)@4编 |
| 801 | 0 | @aCN@bNLC@c20080303 |
| 905 | @dTQ423@e21@f4 | |
| 表面活性剂产品工业分析/毛培坤编.-北京:化学工业出版社,2003 |
| 620页;26cm |
| ISBN 7-5025-4174-8:CNY86.00 |
| 本书共分九章,分别是合成洗涤剂常规分析,合成洗涤剂原材料分析,合成洗涤剂生产控制分析,表面活性剂生产控制分析,表面活性剂常规分析等。 |
| ● |
| 相关链接 |
|
|
|
|
正题名:表面活性剂产品工业分析
索取号:TQ423/21
 
预约/预借
| 序号 | 登录号 | 条形码 | 馆藏地/架位号 | 状态 | 备注 |
| 1 | 0614505 | 206145054 | 第二样本阅览室/ [索取号:TQ423/21] | 在馆 | |
| 2 | 0614506 | 206145063 | 第三借阅区/ [索取号:TQ423/21] | 在馆 | |
| 3 | 0614507 | 206145072 | 第三借阅区/ [索取号:TQ423/21] | 在馆 | |
| 4 | 0614508 | 206145081 | 第三借阅区/ [索取号:TQ423/21] | 在馆 |